| 000 | 00764nam a2200229 4500 | ||
|---|---|---|---|
| 003 | OSt | ||
| 005 | 20260601171022.0 | ||
| 008 | 260521b2013\\\\||||||||\||||\00|\0\spa\d | ||
| 040 |
_aICI _bspa _cICI _erda |
||
| 050 | _aN1 A78 2013 | ||
| 100 | _eautor | ||
| 245 |
_aArte - Arquitectura - Diseño - Moda - Estilo _bespecial de diseño, tendencias del diseño |
||
| 260 | _c2013 | ||
| 300 |
_a120 paginas: _bilustraciones |
||
| 336 |
_2rdacontent _atexto |
||
| 337 |
_2rdamedia _asin medio |
||
| 338 |
_2rdacarrier _avolumen |
||
| 500 | _aNúmero especial dedicado a tendencias contemporáneas en arte, arquitectura, diseño, moda y estilo de vida. | ||
| 650 |
_aDiseño contemporáneo _xRevistas. _934778 |
||
| 650 |
_aModa _xRevistas _934779 |
||
| 942 |
_2lcc _n1 _cB |
||
| 999 |
_c20935 _d20935 |
||